Vzorkám sa nikto nebráni!

Sampling - distribúcia vzoriek, testerov alebo výrobkov konkrétnej značky - ako jedna z efektívnych foriem priameho marketingu. Trendom je združený sampling.

Na minha lista:
Detalhes bibliográficos
Autor principal: Andreánska, Zuzana
Formato: Capítulo de Livro
Idioma:eslovaco
Assuntos:
Tags: Adicionar Tag
Sem tags, seja o primeiro a adicionar uma tag!

MARC

LEADER 00000naa a2200000 4500
001 r048658
005 20230929113715.1
041 0 |a slo 
044 |a SK 
245 1 0 |a Vzorkám sa nikto nebráni!  |c Zuzana Andreánska 
520 |a Sampling - distribúcia vzoriek, testerov alebo výrobkov konkrétnej značky - ako jedna z efektívnych foriem priameho marketingu. Trendom je združený sampling. 
610 2 0 |a komunikácia marketingová 
610 2 0 |a nástroje marketingové 
100 1 |a Andreánska, Zuzana